000 00316nam a22001337a 4500
008 170609b xxu||||| |||| 00| 0 eng d
020 _a156793109
041 _aeng
080 _a32
100 _a19
101 _aSHP
245 _aHEALTH POLICY ISSUES AN ECONOMIC PERSPEVTIVE
_cFELDSTEIN.P.J
942 _2udc
_cBK
999 _c16620
_d16620